New Trends in Process Control Management

Saved in:
Bibliographic Details
Corporate Author: Ekonomická univerzita v Bratislave. Podnikovohospodárska fakulta so sídlom v Košiciach
Other Authors: Mihalčová, Bohuslava, 1963-, Janošková, Mária, 1965-, Čulková, Katarína, Fatula, Dariusz
Format: Book
Language:English
Published: Ostrava VŠB - Technical University of Ostrava 2018
Edition:1st Edition
Subjects:
Tags: Add Tag
No Tags, Be the first to tag this record!

MARC

LEADER 00000nam a2200000 4500
001 0243832
005 20240502083653.2
020 |a 978-80-248-4161-8 
041 0 |a eng 
044 |a CZ 
245 1 0 |a New Trends in Process Control Management  |c Editors: Bohuslava Mihalčová, Mária Janošková ; Reviewers: Katarína Čulková, Dariusz Fatula 
250 |a 1st Edition 
264 1 |a Ostrava  |b VŠB - Technical University of Ostrava  |c 2018 
300 |a 311 s. [15,56 AH] 
610 2 0 |a riadenie procesné 
610 2 0 |a manažment personálny 
610 2 0 |a riadenie ľudských zdrojov 
610 2 0 |a manažment logistický 
610 2 0 |a manažment informačný 
610 2 0 |a riadenie kvality 
610 2 0 |a stratégia marketingová 
610 2 0 |a výskum aplikovaný 
610 2 0 |a zodpovednosť podniku spoločenská 
610 2 0 |a konkurencieschopnosť 
610 2 0 |a meranie konkurencieschopnosti 
610 2 0 |a stresy 
610 2 0 |a kontrola 
610 2 0 |a hospodárstvo odpadové 
610 2 0 |a Európska únia 
610 2 0 |a Poľsko 
610 2 0 |a Rusko 
610 2 0 |a Slovensko 
700 1 |a Mihalčová, Bohuslava, 1963- 
700 1 |a Janošková, Mária, 1965- 
700 1 |a Čulková, Katarína 
700 1 |a Fatula, Dariusz 
710 2 |a Ekonomická univerzita v Bratislave. Podnikovohospodárska fakulta so sídlom v Košiciach